AUTOMOTIVE MECHANICS PRINCIPLES AND OPERATIONS (Record no. 583436)

000 -LEADER
fixed length control field 00314nam a22001217a 4500
082 ## - DEWEY DECIMAL CLASSIFICATION NUMBER
Classification number 629.2 MCG'A
100 ## - MAIN ENTRY--PERSONAL NAME
Personal name MCGUFFIN, MERVIN J
9 (RLIN) 78290
245 ## - TITLE STATEMENT
Title AUTOMOTIVE MECHANICS PRINCIPLES AND OPERATIONS
260 ## - PUBLICATION, DISTRIBUTION, ETC.
Place of publication, distribution, etc. CANADA
Name of publisher, distributor, etc. MACMILLAN
Date of publication, distribution, etc. 1962
300 ## - PHYSICAL DESCRIPTION
Extent 144P
650 ## - SUBJECT ADDED ENTRY--TOPICAL TERM
Topical term or geographic name entry element AUTOMOTIVE MECHANICS
9 (RLIN) 78291
942 ## - ADDED ENTRY ELEMENTS (KOHA)
Koha item type Book
Holdings
Withdrawn status Lost status Damaged status Not for loan Permanent Location Current Location Shelving location Date acquired Total Checkouts Full call number Barcode Date last seen Price effective from Koha item type
        College of Electrical & Mechanical Engineering (CEME) College of Electrical & Mechanical Engineering (CEME) General Stacks 06/15/2017   629.2 MCG'A CEME-8324 06/28/2021 06/28/2021 Book
© 2023 Central Library, National University of Sciences and Technology. All Rights Reserved.